Central Library, Doon University
WEBOPAC (ONLINE PUBLIC ACCESS CATALOGUE)

Introduction to Geophysical Prospecting (Record no. 60782)

MARC details
000 -LEADER
fixed length control field 00538nam a22002057a 4500
005 - DATE & TIME
control field 20260513125623.0
008 - FIXED-LENGTH DATA ELEMENTS--GENERAL INFORMATION
fixed length control field 260513b |||||||| |||| 00| 0 eng d
020 ## - ISBN
International Standard Book Number 9789339205225
Price 1295.00
040 ## - CATALOGING SOURCE
Original cataloging agency Doon University
041 ## - Language
Language English
082 ## - DDC NUMBER
Classification number 622.15
Book Number DOB
100 ## - MAIN ENTRY--PERSONAL NAME
Personal name Dobrin, Milton B.
245 ## - TITLE STATEMENT
Title Introduction to Geophysical Prospecting
250 ## - EDITION STATEMENT
Edition statement 4th
260 ## - PUBLICATION, DISTRIBUTION, ETC. (IMPRINT)
Place of publication, distribution, etc Chennai
Name of publisher, distributor, etc McGraw Hill Education
Date of publication, distribution, etc 2014
300 ## - PHYSICAL DESCRIPTION
Pages 867
650 ## - Subject
Subject Geology (PM USHA)
700 ## - Added Entry Personal Name
Added Entry Personal Name Savit, Carl H.
942 ## - ADDED ENTRY ELEMENTS (KOHA)
Koha item type Books
100 ## - MAIN ENTRY--PERSONAL NAME
-- 26810
650 ## - Subject
-- 26712
700 ## - Added Entry Personal Name
-- 26811
952 ## - LOCATION AND ITEM INFORMATION (KOHA)
-- 2026-05-13
952 ## - LOCATION AND ITEM INFORMATION (KOHA)
-- 2026-05-13
952 ## - LOCATION AND ITEM INFORMATION (KOHA)
-- 2026-05-13
Holdings
Withdrawn status Lost status Source of classification or shelving scheme Damaged status Not for loan Location (home branch) Sublocation or collection (holding branch) Date acquired Koha full call number Accession No. Koha date last seen Koha item type Koha issues (times borrowed)
        Not For Loan Doon University Doon University 13.05.2026 622.15 DOB 33012 13.05.2026 Reference  
          Doon University Doon University 13.05.2026 622.15 DOB 33013 13.05.2026 Books  
          Doon University Doon University 13.05.2026 622.15 DOB 33014 13.05.2026 Books  
Contact : +91-135-2533126 (Library),+91-135-2533105 (Admin Office) , Email : doonlibrary@gmail.com

Powered by Koha